000 00695nam a2200157Ia 4500
008 090124s9999 xx 000 0 und d
082 _b34402
245 _a शहीद भगतसिंह समग्र वाङमय लेख व दस्तऐवज
250 _a1
260 _bचमनलाल / देसाई दत्ता
_c2007
300 _a479
630 _a शहीद भगतसिंह समग्र वाङमय लेख व दस्तऐवज
700 _aचमनलाल / देसाई दत्ता
730 _a शहीद भगतसिंह समग्र वाङमय लेख व दस्तऐवज
942 _cBOOK
999 _c200186
_d200186